African banker

Bibliographic Details
Format: Journal
Language:English
Published: London : IC Publications.
Online Access:Acceso restringido

MARC

LEADER 00000nas a2200000 4500
005 20110712115644.0
008 081020c200u9999enkqr p s | a0eng c
022 |a 1757-1413 
035 |a 5191 
040 |a MnMULS  |d OCLC  |d BUS  |d vLex 
050 |a HG3371  |b .A355 
090 |c 2215  |d 2215 
245 0 0 |a African banker  |h [Recurso electrn̤ico] 
256 |a Servicio en ln̕ea. 
260 |a London :  |b IC Publications. 
310 |a Trimestral. 
506 1 |a Contenido solo disponible en los productos indicados  |d vLex Global  |d vLex Global (Academic Edition, excluding Law Schools)  |d vLex Global (U.S. Academic Edition, excluding Law Schools) 
740 0 |a vLex Revistas (Servicio en ln̕ea) 
856 4 0 |u http://vlex.com/source/african-banker-5191  |z Acceso restringido 
942 |c REV 
999 0 |a Business and economics 
999 0 |a Banking and finance